PAGINAS DE HISTORIA MEXICANA = PAGES OF MEXICAN HISTORY /

Guardat en:
Dades bibliogràfiques
Autor principal: Carreño, Alberto María (autor)
Format: Llibre
Col·lecció:OBRAS DIVERSAS ; 3
Matèries:
Etiquetes: Afegir etiqueta
Sense etiquetes, Sigues el primer a etiquetar aquest registre!

MARC

LEADER 00000nam^a2200000^a^4500
001 000257742
005 20250526000000.0
009 20260310110300.176
035 |a C65559 
037 |a Acervo Xavier Clavigero 
082 |a 972. 0823  |b CAR 
100 |a Carreño, Alberto María  |e (autor) 
245 1 0 |a PAGINAS DE HISTORIA MEXICANA = PAGES OF MEXICAN HISTORY /  |c ALBERTO MARIA CARREÑO 
264 |a MEXICO :  |b VICTORIA,  |c 1936 
300 |a 361 p. 
336 |a texto  |b txt  |2 rdacontenido 
337 |a sin mediación  |b n  |2 rdamedio 
338 |a volumen  |b nc  |2 rdasoporte 
440 |a OBRAS DIVERSAS ;  |v 3 
649 |a XX 
650 |a México -  |x Historia 
910 |a Fondo Jesús Gómez Fregoso S.J. FXC 
920 |a Impresos - Libros 
930 |a Libros Antiguos y Raros 
940 |a Guerra Cristera 
905 |a 110 
901 |a 065559  |b IT2  |c LRA  |i C65559  |u 20250526 
902 |a https://opac.biblio.iteso.mx/vufind/Record/000257742